000 00434pab a2200169 454500
008 180718b2008 xxu||||| |||| 00| 0 eng d
100 _aSarkar, Santanu
245 _aBSWU: a case of `independent' trade union in India
260 _c2008
300 _ap.303-16.
362 _aOct
650 _aTrade unions - India
650 _aTrade unions
773 _aIndian Journal of Industrial Relations
908 _aN
909 _a81115
999 _c81115
_d81115